Sports Quiz

Random Sports or NFL Quiz

Which NFL Player? Quiz Stats

 Plays Quiz Updated Aug 28, 2019

Score 0/32 Timer 05:00
24 Plays Today
Question Answer Wrong Answers
Which Patriots player is Tom Brady? Tom Brady
96.6%
Adam Vinatieri
0.4%
Tedy Bruschi
0.5%
Rob Gronkowski
0.4%
Which Falcons player is Matt Ryan? Matt Ryan
96.4%
Michael Vick
0.4%
Deion Sanders
0.3%
Tommy Nobis
0.8%
Which Packers player is Brett Favre? Brett Favre
95.4%
Bart Starr
1%
Aaron Rodgers
0.9%
Charles Woodson
0.5%
Which Texans player is J.J. Watt? J.J. Watt
95.1%
Arian Foster
0.9%
Mario Williams
0.8%
Jadeveon Clowney
1%
Which Chargers player is LaDainian Tomlinson? LaDainian Tomlinson
94.9%
Dan Fouts
0.9%
Philip Rivers
0.9%
Lance Alworth
1.1%
Which Seahawks player is Richard Sherman? Richard Sherman
94.3%
Shaun Alexander
0.8%
Marshawn Lynch
2.1%
Steve Largent
0.6%
Which Ravens player is Ray Lewis? Ray Lewis
94%
Joe Flacco
0.5%
Ed Reed
2.1%
Jonathan Ogden
1.1%
Which Cardinals player is Larry Fitzgerald? Larry Fitzgerald
93.4%
Kurt Warner
1.3%
Darnell Dockett
1.3%
Anquan Boldin
1.7%
Which Chiefs player is Tony Gonzalez? Tony Gonzalez
92.2%
Len Dawson
1.3%
Priest Holmes
2%
Derrick Thomas
2.2%
Which Jets player is Joe Namath? Joe Namath
92.1%
Curtis Martin
0.9%
Mark Gastineau
3.8%
Darrelle Revis
0.9%
Which Giants player is Michael Strahan? Michael Strahan
91.4%
Lawrence Taylor
3.2%
Eli Manning
0.7%
Phil Simms
2.6%
Which Steelers player is Joe Greene? Joe Greene
91.1%
Terry Bradshaw
3.2%
Ben Roethlisberger
0.7%
Jerome Betis
2.7%
Which Rams player is Todd Gurley? Todd Gurley
90.9%
Eric Dickerson
1.4%
Marshall Faulk
1.8%
Tory Holt
3.7%
Which Cowboys player is Michael Irvin? Michael Irvin
90.9%
Roger Staubach
1%
Tony Romo
0.8%
Emmitt Smith
4.9%
Which Broncos player is Von Miller? Von Miller
90.3%
John Elway
0.8%
Terrell Davis
3.9%
Shannon Sharpe
2.9%
Which Lions player is Barry Sanders? Barry Sanders
90.2%
Matthew Stafford
0.8%
Calvin Johnson
1.5%
Lem Barney
5.4%
Which 49ers player is Joe Montana? Joe Montana
88.8%
Frank Gore
0.4%
Jerry Rice
0.5%
Steve Young
8.3%
Which Browns player is Jim Brown? Jim Brown
88.7%
Bernie Kosar
2.7%
Otto Graham
5%
Joe Thomas
1.3%
Which Dolphins player is Ricky Williams? Ricky Williams
87.9%
Dan Marino
2.8%
Larry Csonka
4.9%
Bob Griese
2.1%
Which Bills player is O.J. Simpson? O.J. Simpson
87.1%
Jim Kelly
0.5%
Bruce Smith
3.7%
Andre Reed
6.5%
Which Panthers player is Steve Smith Sr.? Steve Smith Sr.
85.6%
Jake Delhomme
3.6%
Cam Newton
2.5%
Julius Peppers
6%
Which Vikings player is Cris Carter? Cris Carter
84.1%
Randy Moss
5.9%
Fran Tarkenton
3.4%
Adrian Peterson
4.3%
Which Eagles player is Donovan McNabb? Donovan McNabb
82.8%
Nick Foles
1.4%
Randall Cunningham
10.5%
Brian Dawkins
3%
Which Saints player is Morten Andersen? Morten Andersen
81.5%
Drew Brees
1.1%
Deuce McAllister
5.6%
Archie Manning
9.5%
Which Buccaneers player is Warren Sapp? Warren Sapp
78.3%
Ronde Barber
5.4%
John Lynch
2.9%
Derrick Brooks
11.1%
Which Colts player is Dwight Freeney? Dwight Freeney
77.9%
Marvin Harrison
11.5%
Peyton Manning
2.3%
Johnny Unitas
6%
Which Bengals player is Boomer Esiason? Boomer Esiason
76.1%
Carson Palmer
3.1%
Ken Anderson
14.2%
Chad Johnson
4.3%
Which Titans/Oilers player is Eddie George? Eddie George
74.2%
Steve McNair
12.4%
Warren Moon
6.5%
Bruce Matthews
4.5%
Which Bears player is Mike Singletary? Mike Singletary
73%
Walter Payton
8.5%
Dick Butkus
9.6%
Brian Urlacher
6.5%
Which Redskins player is John Riggins? John Riggins
70%
Doug Williams
6.6%
Joe Theismann
11.1%
Art Monk
9.8%
Which Raiders player is Ken Stabler? Ken Stabler
52%
Jim Plunkett
37.3%
Tim Brown
3.2%
Marcus Allen
5.1%
Which Jaguars player is Fred Taylor? Fred Taylor
46.4%
Maurice Jones-Drew
18.4%
Mark Brunell
7.9%
Jimmy Smith
25%

You're not logged in!

Compare scores with friends on all Sporcle quizzes.
OR
Log In

Sporcle TV

Today on Sporcle TV


Watch our educational content, quiz creation guides, and fun videos on Sporcle TV.

Show Comments

Extras

Top Quizzes Today


Score Distribution

Your Account Isn't Verified!

In order to create a playlist on Sporcle, you need to verify the email address you used during registration. Go to your Sporcle Settings to finish the process.

Report this User

Report this user for behavior that violates our Community Guidelines.

Details: